| 000 | 00804nam0a22002771 4500 | ||
|---|---|---|---|
| 001 | RU\NLR\A1SV\786 | ||
| 005 | 20251203171251.9 | ||
| 035 | _a(NLR Aleph) 009686876 | ||
| 090 |
_a9721708 _c9721708 |
||
| 100 | _a19980220d1919 u y0rusy50 ca | ||
| 101 | 1 |
_arus _carm |
|
| 102 | _aRU | ||
| 200 | 1 |
_aАрмянский вопрос перед Мирной конференцией _f[Пер. с арм. А.Кечеджиева] |
|
| 210 |
_aЕкатеринодар _cМ.К.Г. _d1919 |
||
| 215 |
_a34 с.; 1 л. к. _d17 см |
||
| 620 | _dКраснодар | ||
| 702 | 1 |
_aКечеджиев _bА. |
|
| 801 | 0 |
_aRU _bNLR _c19980220 |
|
| 852 |
_aNLR _j30-8/8053 |
||
| 852 |
_aNLR _jМф К-1/3801 |
||
| 899 | _aРКП | ||
| 899 | _aГОПБ | ||
| 942 | _cBOOK | ||
| 980 | _aNB | ||
| 980 | _aA1SV | ||